87 Babynamen der Woche 50/25' - Statistiken

Allgemein
  • Dieses Quiz wurde 10 mal gespielt
  • Das Durchschnittsergebnis liegt bei 29 aus 87
Antwortstatistiken
📍 Vorname % Korrekt
A.t.n ♂️ Anton
80%
B.u.o ♂️ Bruno
80%
El.s.b..h ♀️ Elisabeth
80%
L.w.s ♂️ Lewis
80%
L.a..a ♀️ Lianna
80%
C.s.m.r ♂️ Casimir
70%
Em.l ♂️ Emil
70%
Ev.l.n ♀️ Evelyn
70%
F.i.d.i.h ♂️ Friedrich
70%
K.n ♂️ Ken
70%
M.r.a ♀️ Maria
70%
An.i ♀️ Anni
60%
El.a.a ♀️ Eliana
60%
F.a.z ♂️ Franz
60%
Ka.l ♂️ Karl
60%
K.o ♂️ Kio
60%
M.e ♀️ Mae
60%
M.t..l.a ♀️ Mathilda
60%
M.x.m ♀️ Maxim
60%
No.h ♂️ Noah
60%
Ot.o ♂️ Otto
60%
Pa.l ♂️ Paul
60%
S.m..l ♂️ Samuel
60%
Ar.o ♂️ Arno
50%
En.o ♂️ Enno
50%
E.g.n.e ♀️ Eugenie
50%
F.i.z ♂️ Fritz
50%
H.u.e ♀️ Hauke
50%
H.i.z ♂️ Heinz
50%
L..z.l.t ♂️ Lanzelot
50%
L.l.a..a ♀️ Lilianna
50%
T.d ♂️ Ted
50%
A.r.l.o ♂️ Aurelio
40%
C.s..o ♂️ Cosimo
40%
Ed.a ♀️ Edda
40%
H.i.e ♀️ Heike
40%
H.n.i ♂️ Henri
40%
K.r.a ♀️ Karla
40%
Lu.a ♀️ Luna
40%
M.d.s.n ♀️ Madison
40%
Mi.a ♀️ Mila
40%
No.l ♂️ Noel
40%
Ro.y ♀️ Romy
40%
Il.y ♀️ Ilvy
30%
K.a.o ♂️ Kiano
30%
Li.a ♀️ Lisa
30%
M.r.o ♂️ Marco
30%
N.t.n.a ♀️ Natanya
30%
C..t.r ♂️ Carter
20%
C.a..e ♀️ Claire
20%
H.r.s ♂️ Haris
20%
I.d..a ♀️ Indira
20%
L.v.e ♂️ Levke
20%
M.l..y ♀️ Melody
20%
Rh.a ♀️ Rhea
20%
R.m..a ♀️ Romina
20%
S.r.p.i.e ♀️ Seraphine
20%
Am..a ♀️ Amara
10%
An.l ♂️ Anil
10%
A.n.s ♂️ Arnes
10%
Bl.e ♂️ Blue
10%
F.e.e ♂️ Fiete
10%
K..d.n ♂️ Kaydan
10%
L.v.o ♂️ Livio
10%
M.r..u ♂️ Muraru
10%
Ne.o ♂️ Nelo
10%
Om.r.l ♂️ Omaril
10%
R.m.g..s ♂️ Remigius
10%
T.l.a ♀️ Tilda
10%
U.a ♀️ Una
10%
V.l.a ♀️ Valea
10%
C.l.y ♂️ Colby
0%
Fe.i ♀️ Fedi
0%
Ir.n.a ♀️ Irenea
0%
Jo.o ♂️ Joao
0%
K.r..l ♂️ Kyrill
0%
L..v.n ♂️ Laiven
0%
L..c..n ♂️ Lincoln
0%
M.n.i ♂️ Monti
0%
No.a ♀️ Nova
0%
P.r.a ♀️ Perla
0%
Ru.e ♀️ Rune
0%
S..d.o ♂️ Sandro
0%
T.n..o ♂️ Tonino
0%
V..l.t ♀️ Violet
0%
Y.d.t ♀️ Yodit
0%
Z.v..r ♂️ Zaviar
0%
Keine übereinstimmenden Quizze gefunden
Verteilung der Resultate
Anzahl Personen mit jedem Resultat
Perzentil nach korrekt beantworteten Fragen
Ihre Resultats-Entwicklung
Sie haben dieses Quiz noch nicht gespielt